Efecto del uso de microorganismos efectivos en el proceso de degradación de la pulpa de café y la calidad del producto obtenido
Presenta investigación del efecto del uso de microorganismos efectivos en el proceso de degradación de la pulpa de café y la calidad del producto obtenido en el cual se presenta las características físicas químicas el café, así como el control y monitoreo de los parámetros fundamentales en...
| Main Author: | |
|---|---|
| Other Authors: | |
| Format: | Tesis Section = Libro |
| Language: | Undetermined Spanish |
| Published: |
Managua
UNI
2009
|
| Subjects: |
| LEADER | 01186nam a2200253Ia 4500 | ||
|---|---|---|---|
| 008 | 240830s9999 xx 000 0 und d | ||
| 040 | |a BIBLIOTECA-RUPAP Mon 631.86 L864 | ||
| 041 | |a spa | ||
| 082 | |a Mon 631.86 L864 | ||
| 100 | 1 | |a López Martínez, Margine Leticia | |
| 245 | 1 | 0 | |a Efecto del uso de microorganismos efectivos en el proceso de degradación de la pulpa de café y la calidad del producto obtenido |
| 260 | |a Managua |b UNI |c 2009 | ||
| 300 | |a 69 p. :il. | ||
| 500 | |a Contiene: anexos. | ||
| 502 | |a Tesis (Ingeniero Agrícola)- UNI, 2009. | ||
| 520 | 3 | |a Presenta investigación del efecto del uso de microorganismos efectivos en el proceso de degradación de la pulpa de café y la calidad del producto obtenido en el cual se presenta las características físicas químicas el café, así como el control y monitoreo de los parámetros fundamentales en el proceso de degradación. | |
| 650 | 7 | |a ABONOS ORGANICOS - PULPA DE CAFE | |
| 650 | 7 | |b RESIDUOS AGRICOLAS - APROVECHAMIENTO | |
| 650 | 7 | |c RESIDUOS SOLIDOS | |
| 650 | 7 | |d CONTAMINACION DEL MEDIO AMBIENTE | |
| 700 | 1 | |a Tutor: |b Reyes Conrado, María | |
| 942 | |c BK |2 ddc | ||
| 991 | |a TESIS | ||
| 999 | |c 16729 | ||